000
00198 a2200097 4500
001
8382
090
_c
6752
_d
6752
100
_a
Arnold, M
245
_a
culture & Anarchy (Transfered to SOA)
260
_b
Mweray
942
_a
NUST-CAE
999
_c
243455
_d
243455